Bioquímica (Registro nro. 3539)

Detalles MARC
000 -CABECERA
Longitud fija campo de control 01001nam a22002777a 4500
003 - IDENTIFICADOR DELl NÚMERO DE CONTROL
Identificador del número de control OSt
005 - FECHA Y HORA DE LA ÚLTIMA TRANSACCIÓN
Fecha y hora de la última transacción 20131030081732.0
008 - CÓDIGOS DE INFORMACIÓN DE LONGITUD FIJA
Códigos de información de longitud fija 131029b xxu||||| |||| 00| 0 eng d
020 ## - NÚMERO INTERNACIONAL NORMALIZADO PARA LIBROS
Número Internacional Normalizado para Libros (ISBN) 968-426-756-8
040 ## - FUENTE DE LA CATALOGACIÓN
Centro catalogador de origen BMC
Centro transcriptor BMC
082 ## - NÚMERO DE LA CLASIFICACIÓN DECIMAL DEWEY
Númeroo de clasificación 612.015
082 ## - NÚMERO DE LA CLASIFICACIÓN DECIMAL DEWEY
Númeroo de clasificación 611.018
100 1# - PUNTO DE ACCESO PRINCIPAL-NOMBRE DE PERSONA
9 (RLIN) 8160
Nombre de persona Harper, Harold Anthony
Fechas asociadas al nombre 1911-1988
245 10 - MENCIÓN DE TÍTULO
Título Bioquímica
Mención de responsabilidad, etc. de Harper ; [editores], Robert K. Murray ... [et al.] ; traducción, Javier Eduardo Gómez Saborio ; editor responsable, Antonio Lemus Gamboa
250 ## - MENCIÓN DE EDICIÓN
Mención de edición 14ª ed., reimp
260 ## - PUBLICACIÓN, DISTRIBUCIÓN, ETC. (PIE DE IMPRENTA)
Lugar de publicación, distribución, etc. México D.F. ; Santa Fé de Bogotá
Nombre del editor, distribuidor, etc. El Manual Moderno
Fecha de publicación, distribución, etc. 1998
300 ## - DESCRIPCIÓN FÍSICA
Extensión XII, 1021 p.
Otras características físicas il.
Dimensiones 26 cm
595 ## - NOTA DE EDICIÓN E HISTORIA BIBLIOGRÁFICA
Nota de edición e historia bibliográfica Traducción de : Harper's Biochemistry, 24th ed.
650 24 - PUNTO DE ACCESO ADICIONAL DE MATERIA - TÉRMINO DE MATERIA
9 (RLIN) 8014
Término de materia o nombre geográfico como elemento inicial Bioquímica
650 24 - PUNTO DE ACCESO ADICIONAL DE MATERIA - TÉRMINO DE MATERIA
9 (RLIN) 4163
Término de materia o nombre geográfico como elemento inicial Biología molecular
700 1# - PUNTO DE ACCESO ADICIONAL - NOMBRE DE PERSONA
9 (RLIN) 8066
Nombre de persona Gómez Saborio, Javier Eduardo
700 1# - PUNTO DE ACCESO ADICIONAL - NOMBRE DE PERSONA
9 (RLIN) 8057
Nombre de persona Lemus Gamboa, Antonio
700 1# - PUNTO DE ACCESO ADICIONAL - NOMBRE DE PERSONA
9 (RLIN) 8064
Nombre de persona Murray, Robert K.
730 0# - PUNTO DE ACCESO ADICIONAL - TÍTULO UNIFORME
9 (RLIN) 8270
Título uniforme Harper's illustrated biochemistry
Lengua de la obra Español
942 ## - ENTRADA DE ELEMENTOS AGREGADOS (KOHA)
Fuente de clasificaión o esquema Dewey Decimal Classification
Koha [por defecto] tipo de item 1- Monografias
Existencias
Suprimido Perdido Fuente de clasificación o esquema Estropeado Restricciones de uso No para préstamo Código de colección Localización permanente Localización actual Localización en estanter&íacute;as Fecha adquisición Fuente de adquisición Número de inventario Préstamos totales Renovaciones totales Signatura completa Código de barras Fecha última consulta Fecha último préstamo Coste, precio reemplazado Fecha del precio de reemplazo Tipo de item de Koha
NULL NULL Dewey Decimal Classification NULL Préstamo en Sala NULL NULL Biblioteca Miguel de Cervantes - UNICAES Biblioteca Miguel de Cervantes - UNICAES Sala Principal 29/10/2013 Donación - UNICO 005729 11 2 612.015 HAR bio 1005729 07/11/2018 07/11/2018 35.00 29/10/2013 1- Monografias